Ophthalmology / (Record no. 171940)
[ view plain ]
| 000 -LEADER | |
|---|---|
| fixed length control field | 02101cam a2200493 i 4500 |
| 001 - CONTROL NUMBER | |
| control field | 1348993627 |
| 003 - CONTROL NUMBER IDENTIFIER | |
| control field | OCoLC |
| 005 - DATE AND TIME OF LATEST TRANSACTION | |
| control field | 20250611134400.0 |
| 008 - FIXED-LENGTH DATA ELEMENTS--GENERAL INFORMATION | |
| fixed length control field | 221005t20232023paua b 001 0 eng d |
| 020 ## - INTERNATIONAL STANDARD BOOK NUMBER | |
| International Standard Book Number | 9780323795166 |
| Qualifying information | (international edition ; |
| -- | paperback) |
| 020 ## - INTERNATIONAL STANDARD BOOK NUMBER | |
| Canceled/invalid ISBN | 9780323795173 |
| Qualifying information | (electronic bk.) |
| 040 ## - CATALOGING SOURCE | |
| Original cataloging agency | UKMGB |
| Language of cataloging | eng |
| Description conventions | rda |
| Transcribing agency | NUST |
| Modifying agency | NUST |
| 050 #4 - LIBRARY OF CONGRESS CALL NUMBER | |
| Classification number | RE46 OPH |
| 100 ## - MAIN ENTRY--PERSONAL NAME | |
| Personal name | Myron Yanoff |
| Relator term | Editor |
| 245 10 - TITLE STATEMENT | |
| Title | Ophthalmology / |
| Statement of responsibility, etc. | lead editors, Myron Yanoff, Jay S. Duker ; section editors, Sophie J. Bakri, Scott E. Brodie, Jonathan J. Dutton, Sumit (Sam) Garg, Michael H. Goldstein, J. Bradley Randleman, Narsing A. Rao, Shira L. Robbins, Emanuel S. Rosen, Alfredo A. Sadun, Joel S. Schuman, Carol L. Shields, Janey L. Wiggs |
| 250 ## - EDITION STATEMENT | |
| Edition statement | Sixth edition |
| 260 ## - PUBLICATION, DISTRIBUTION, ETC. | |
| Place of publication, distribution, etc. | Philadelphia, |
| Name of publisher, distributor, etc. | Elsevier, |
| Date of publication, distribution, etc. | ©2023 |
| 300 ## - PHYSICAL DESCRIPTION | |
| Extent | xxv, 1334 pages : |
| Other physical details | illustrations (chiefly color) ; |
| Dimensions | 30 cm |
| 336 ## - CONTENT TYPE | |
| Content type term | text |
| Content type code | txt |
| Source | rdacontent |
| 337 ## - MEDIA TYPE | |
| Media type term | unmediated |
| Media type code | n |
| Source | rdamedia |
| 338 ## - CARRIER TYPE | |
| Carrier type term | volume |
| Carrier type code | nc |
| Source | rdacarrier |
| 504 ## - BIBLIOGRAPHY, ETC. NOTE | |
| Bibliography, etc. note | Includes bibliographical references and index |
| 650 12 - SUBJECT ADDED ENTRY--TOPICAL TERM | |
| Topical term or geographic name entry element | Eye |
| General subdivision | physiopathology |
| Authority record control number or standard number | (DNLM)D005123Q000503 |
| 650 22 - SUBJECT ADDED ENTRY--TOPICAL TERM | |
| Topical term or geographic name entry element | Ocular Physiological Phenomena |
| Authority record control number or standard number | (DNLM)D009799 |
| 650 22 - SUBJECT ADDED ENTRY--TOPICAL TERM | |
| Topical term or geographic name entry element | Eye Diseases |
| Authority record control number or standard number | (DNLM)D005128 |
| 650 22 - SUBJECT ADDED ENTRY--TOPICAL TERM | |
| Topical term or geographic name entry element | Eye |
| General subdivision | anatomy & histology |
| Authority record control number or standard number | (DNLM)D005123Q000033 |
| 650 #2 - SUBJECT ADDED ENTRY--TOPICAL TERM | |
| Topical term or geographic name entry element | Ophthalmology |
| Authority record control number or standard number | (DNLM)D009885 |
| 700 1# - ADDED ENTRY--PERSONAL NAME | |
| Personal name | Yanoff, Myron, |
| Relator term | editor. |
| 700 1# - ADDED ENTRY--PERSONAL NAME | |
| Personal name | Duker, Jay S., |
| Dates associated with a name | 1958- |
| Relator term | editor. |
| 700 1# - ADDED ENTRY--PERSONAL NAME | |
| Personal name | Bakri, Sophie J., |
| Relator term | editor |
| 700 1# - ADDED ENTRY--PERSONAL NAME | |
| Personal name | Brodie, Scott E., |
| Relator term | editor. |
| Relationship | edt |
| 700 1# - ADDED ENTRY--PERSONAL NAME | |
| Personal name | Dutton, Jonathan J., |
| Relator term | editor |
| 700 1# - ADDED ENTRY--PERSONAL NAME | |
| Personal name | Garg, Sumit, |
| Dates associated with a name | 1975- |
| Relator term | editor |
| 700 1# - ADDED ENTRY--PERSONAL NAME | |
| Personal name | Goldstein, Michael H., |
| Relator term | editor |
| 700 1# - ADDED ENTRY--PERSONAL NAME | |
| Personal name | Randleman, J. Bradley |
| Fuller form of name | (James Bradley), |
| Dates associated with a name | 1970- |
| Relator term | editor |
| 700 1# - ADDED ENTRY--PERSONAL NAME | |
| Personal name | Rao, Narsing A., |
| Relator term | editor |
| 700 1# - ADDED ENTRY--PERSONAL NAME | |
| Personal name | Robbins, Shira L., |
| Relator term | editor |
| 700 1# - ADDED ENTRY--PERSONAL NAME | |
| Personal name | Rosen, Emanuel S., |
| Relator term | editor |
| 700 1# - ADDED ENTRY--PERSONAL NAME | |
| Personal name | Sadun, Alfredo A., |
| Relator term | editor |
| 700 1# - ADDED ENTRY--PERSONAL NAME | |
| Personal name | Schuman, Joel S., |
| Relator term | editor |
| 700 1# - ADDED ENTRY--PERSONAL NAME | |
| Personal name | Shields, Carol L., |
| Relator term | editor |
| 700 1# - ADDED ENTRY--PERSONAL NAME | |
| Personal name | Wiggs, Janey L., |
| Dates associated with a name | 1954- |
| Relator term | editor |
| 942 ## - ADDED ENTRY ELEMENTS (KOHA) | |
| Source of classification or shelving scheme | Library of Congress Classification |
| Suppress in OPAC | No |
| Koha item type | Ordinary Loan Books |
| Edition | Sixth Edition |
| Classification part | RE46.OPH |
| Call number prefix | RE |
| Call number suffix | OPH |
| Withdrawn status | Lost status | Source of classification or shelving scheme | Damaged status | Not for loan | Collection | Home library | Current library | Shelving location | Date acquired | Source of acquisition | Cost, normal purchase price | Total Checkouts | Full call number | Barcode | Date last seen | Accession number | Cost, replacement price | Price effective from | Koha item type | Public note |
|---|---|---|---|---|---|---|---|---|---|---|---|---|---|---|---|---|---|---|---|---|
| LCC | NFIC | MEDICAL | MEDICAL | GEN | 06/03/2025 | Book Aid International | 64.00 | RE46 OPH | 92004057787 | 06/03/2025 | 63252 | 64.00 | 06/03/2025 | BOOKS | Donation |